| 000 | 01026cam a2200289 i 4500 | ||
|---|---|---|---|
| 001 | 26877 | ||
| 003 | Mx-PuUPA | ||
| 005 | 20250929134907.0 | ||
| 008 | 140415s1999 mx gr d 000 0 spa d | ||
| 020 | _a9706473092 | ||
| 040 |
_cMx-PuUPA _aMx-PuUPA _bspa _dMx-PuUPA _erda |
||
| 041 | 0 | _aspa | |
| 100 | 1 |
_aMateos Muñoz, Agustín, _d1908-1997 _911092 _eautor |
|
| 245 | 1 | 0 |
_aCompendio de etimologías grecolatinas del español / _cAgustín Mateos Muñoz |
| 250 | _aTrigésima novena edición | ||
| 264 | 1 |
_aNaucalpan, Edo. de México : _bAgustín Mateos M., _c1999 |
|
| 300 |
_a408 páginas : _bdiagramas, mapas, tablas ; _c21 cm |
||
| 336 |
_2rdacontent _atexto _btxt |
||
| 337 |
_2rdamedia _asin medio _bn |
||
| 338 |
_2rdacarrier _avolumen _bnc |
||
| 650 | 7 |
_2armarc _aEspañol _xEtimología |
|
| 650 | 7 |
_2armarc _aEspañol _xElementos extranjeros _xGriego |
|
| 942 |
_2ddc _cLI _h412 _iM42 |
||
| 999 |
_c26877 _d26877 |
||